| 000 -CABECERA |
| Longitud fija campo de control |
00830nam a2200253 a 4500 |
| 008 - CÓDIGOS DE INFORMACIÓN DE LONGITUD FIJA |
| Códigos de información de longitud fija |
140425s2014 spc 000 0dcat|d |
| 020 ## - NÚMERO INTERNACIONAL NORMALIZADO PARA LIBROS |
| Número Internacional Normalizado para Libros (ISBN) |
9788494116469 |
| 040 ## - FUENTE DE LA CATALOGACIÓN |
| Centro catalogador de origen |
ES-BaSLP |
| Lengua de catalogación |
cat |
| Centro transcriptor |
ES-BaSLP |
| 043 ## - CÓDIGO DE ÁREA GEOGRÁFICA |
| Código de área geográfica |
e-sp--- |
| Código local GAC |
e-spct- |
| Fuente del código local |
catmarc |
| 080 ## - NÚMERO DE LA CLASIFICACIÓN DECIMAL UNIVERSAL |
| Número de la Clasificación Decimal Universal |
662.7 |
| 100 1# - PUNTO DE ACCESO PRINCIPAL-NOMBRE DE PERSONA |
| Nombre de persona |
Marsal, Jordi |
| 245 10 - MENCIÓN DE TÍTULO |
| Título |
Castor: la bombolla sísmica : |
| Resto del título |
[el gran negoci gasista de l'oligarquia espanyola sacseja la terra] / |
| Mención de responsabilidad, etc. |
Jordi Marsal |
| 260 ## - PUBLICACIÓN, DISTRIBUCIÓN, ETC. (PIE DE IMPRENTA) |
| Lugar de publicación, distribución, etc. |
Barcelona : |
| Nombre del editor, distribuidor, etc. |
Saldonar, |
| Fecha de publicación, distribución, etc. |
2014 |
| 300 ## - DESCRIPCIÓN FÍSICA |
| Extensión |
126 p. ; |
| Dimensiones |
21 cm |
| 490 1# - MENCIÓN DE SERIE |
| Mención de serie |
Periodistes / Saldonar ; |
| Designación de volumen o secuencia |
2 |
| 650 #4 - PUNTO DE ACCESO ADICIONAL DE MATERIA - TÉRMINO DE MATERIA |
| Término de materia o nombre geográfico como elemento inicial |
Magatzem de gas Castor (Projecte) |
| 650 #4 - PUNTO DE ACCESO ADICIONAL DE MATERIA - TÉRMINO DE MATERIA |
| Término de materia o nombre geográfico como elemento inicial |
Combustibles gasosos |
| Subdivisión geográfica |
Espanya |
| 650 #4 - PUNTO DE ACCESO ADICIONAL DE MATERIA - TÉRMINO DE MATERIA |
| Término de materia o nombre geográfico como elemento inicial |
Terratrèmols |
| Subdivisión geográfica |
Tarragona (Província) |
| 650 #4 - PUNTO DE ACCESO ADICIONAL DE MATERIA - TÉRMINO DE MATERIA |
| Término de materia o nombre geográfico como elemento inicial |
Gasoductes |
| Subdivisión geográfica |
Terres de l'Ebre |
| 830 #0 - PUNTO DE ACCESO ADICIONAL DE SERIE - TÍTULO UNIFORME |
| Título uniforme |
Periodistes (Saldonar) ; |
| Designación de volumen o secuencia |
2 |
| 909 ## - |
| -- |
ttadgm |
| 909 ## - |
| -- |
ybtos |
| 909 ## - |
| -- |
yxcra |